Form+code in design, art, and architecture / (Record no. 20177)
[ view plain ]
| 000 -LEADER | |
|---|---|
| fixed length control field | 01001cam a22003015a 4500 |
| 001 - CONTROL NUMBER | |
| control field | ssj0000720629 |
| 003 - CONTROL NUMBER IDENTIFIER | |
| control field | OSt |
| 005 - DATE AND TIME OF LATEST TRANSACTION | |
| control field | 20151217130145.0 |
| 008 - FIXED-LENGTH DATA ELEMENTS--GENERAL INFORMATION | |
| fixed length control field | 100226t2010 nyua frb 001 0 eng d |
| 020 ## - INTERNATIONAL STANDARD BOOK NUMBER | |
| International Standard Book Number | 9781568989372 |
| 040 ## - CATALOGING SOURCE | |
| Original cataloging agency | DLC |
| Transcribing agency | DLC |
| Modifying agency | EG-ScBUE |
| Language of cataloging | eng |
| 082 04 - DEWEY DECIMAL CLASSIFICATION NUMBER | |
| Classification number | 005.1 |
| Edition number | 22 |
| Item number | REA |
| 100 1# - MAIN ENTRY--PERSONAL NAME | |
| Personal name | Reas, Casey. |
| 9 (RLIN) | 38935 |
| 245 10 - TITLE STATEMENT | |
| Title | Form+code in design, art, and architecture / |
| Statement of responsibility, etc | Casey Reas, Chandler McWilliams, Lust. |
| 246 3# - VARYING FORM OF TITLE | |
| Title proper/short title | Form and code in design, art, and architecture |
| 260 ## - PUBLICATION, DISTRIBUTION, ETC. (IMPRINT) | |
| Place of publication, distribution, etc | New York : |
| Name of publisher, distributor, etc | Princeton Architectural Press, |
| Date of publication, distribution, etc | c.2010. |
| 300 ## - PHYSICAL DESCRIPTION | |
| Extent | 176 p. : |
| Other physical details | ill. (some col.) ; |
| Dimensions | 22 cm. |
| 490 0# - SERIES STATEMENT | |
| Series statement | Design briefs |
| 500 ## - GENERAL NOTE | |
| General note | Index : p.176. |
| 504 ## - BIBLIOGRAPHY, ETC. NOTE | |
| Bibliography, etc | Bibliography : p. 174-175. |
| 650 #7 - SUBJECT ADDED ENTRY--TOPICAL TERM | |
| Topical term or geographic name as entry element | Computer software |
| General subdivision | Development. |
| Source of heading or term | BUEsh |
| 9 (RLIN) | 11535 |
| 650 #7 - SUBJECT ADDED ENTRY--TOPICAL TERM | |
| Topical term or geographic name as entry element | Computer-aided design. |
| Source of heading or term | BUEsh |
| 9 (RLIN) | 3588 |
| 650 #0 - SUBJECT ADDED ENTRY--TOPICAL TERM | |
| Topical term or geographic name as entry element | Art and technology. |
| Source of heading or term | BUEsh |
| 653 ## - INDEX TERM--UNCONTROLLED | |
| Resource For college | Engineering, Architecture |
| Arrived date list | July2015 |
| -- | December2015 |
| 700 1# - ADDED ENTRY--PERSONAL NAME | |
| Personal name | McWilliams, Chandler. |
| 710 2# - ADDED ENTRY--CORPORATE NAME | |
| Corporate name or jurisdiction name as entry element | LUST. |
| 942 ## - ADDED ENTRY ELEMENTS (KOHA) | |
| Source of classification or shelving scheme | Dewey Decimal Classification |
| Call number prefix | 005.1 REA |
| Withdrawn status | Lost status | Source of classification or shelving scheme | Damaged status | Not for loan | Koha collection | Home library | Current library | Shelving location | Date acquired | Source of acquisition | Cost, normal purchase price | Serial Enumeration / chronology | Total Checkouts | Full call number | Barcode | Date last seen | Cost, replacement price | Koha item type |
|---|---|---|---|---|---|---|---|---|---|---|---|---|---|---|---|---|---|---|
| Dewey Decimal Classification | Baccah | Central Library | Central Library | Lower Floor | 05/07/2015 | Purchase | 250.00 | 22696 | 005.1 REA | 000039425 | 15/07/2025 | 313.00 | Book - Borrowing |